Kanada - Richtig oder Falsch? - Statistiken

Allgemein
  • Dieses Quiz wurde 163 mal gespielt
  • Das Durchschnittsergebnis liegt bei 10 aus 15
Antwortstatistiken
Frage Antwort % Korrekt
Der größte Teil der kanadischen Bevölkerung lebt in einem Umkreis von 100 Meilen um die Grenze zu den USA Richtig
98%
Kanada ist das flächenmäßig größte Land der Welt Falsch
93%
Saskatchewan ist eine der „Prärieprovinzen“. Richtig
86%
Quebec stimmte 1995 beinahe für seine Unabhängigkeit Richtig
84%
Neufundland und Labrador ist die östlichste Provinz Kanadas Richtig
82%
Ottawa ist die nördlichste Hauptstadt der Welt Falsch
75%
Die Vereinigten Staaten eroberten und plünderten Toronto, das damals noch York hieß. Richtig
66%
Technisch gesehen hat König Karl III. die rechtliche Befugnis, das kanadische Unterhaus aufzulösen. Richtig
66%
Kanada wird von einem Präsidenten geleitet Falsch
59%
Das Nationaltier von Kanada ist der Elch Falsch
57%
Die Mehrheit der in Vancouver lebenden Menschen wurde in China oder Hongkong geboren Falsch
57%
Tim Horton war ein Eishockeyspieler Richtig
55%
Das Territorium Nunavut erhielt seinen Namen, weil es so weit im Norden liegt, dass Manitoba „nichts davon“ haben wollte. Falsch
52%
Der Besitz von Waffen ist in Kanada illegal. Falsch
43%
Kanada berührt alle fünf Großen Seen Nordamerikas Falsch
36%
Keine übereinstimmenden Quizze gefunden
Verteilung der Resultate
Anzahl Personen mit jedem Resultat
Perzentil nach korrekt beantworteten Fragen
Ihre Resultats-Entwicklung
Sie haben dieses Quiz noch nicht gespielt